000 00275nam a2200097 a 4500
005 20200929161456.0
008 090925s1977 000 spa d
245 3 _aLo popupar y lo culto en la poesía dominicana.
260 _aSantiago de los Caballeros,
_c1977.
999 _c8813
_d8813
040 _aDO-SdBNP